000 01000naa a2200253 c 4500
001 49232
999 _c49232
_d49232
003 ES-MaCES
005 20170418145423.0
008 170418s20162017sp ||||| t||||||| ||spa d
040 _aES-MaCES
_bspa
_cES-MaCES
_dES-MaCES
100 1 _938059
_aPeña Cuenca, Irene
245 1 0 _aRestos a la financiación de las pymes
_cIrene Peña Cuenca, Fernando Rojas, Pablo Guijarro Segado
650 4 _930173
_apequeña empresa
650 4 _928125
_afinanciación
650 4 _930640
_aacceso a créditos
650 4 _930016
_acreación de empresa
650 4 _928230
_ainnovación
653 1 0 _aEmpresa
700 1 _938060
_aRojas, Fernando
700 1 _938061
_aGuijarro Segado, Pablo
773 0 _985812
_d[Madrid (Virgen de los Peligros, 4, 4º, 28013)] Servicio de Estudios y Divulgación de la UNAC D.L. 1996-
_o088710
_tBanca cooperativa
_w(ES-MaCES)25783
_gn. 69 (invierno 2016-2017) {55/797 R. 088710} ;p. 32-33
902 _aART Artículo de revista
942 _2CES
_cAR
_h0.0.